<?xml version="1.0" encoding="UTF-8"?>
<record
    xmlns:xsi="http://www.w3.org/2001/XMLSchema-instance"
    xsi:schemaLocation="http://www.loc.gov/MARC21/slim http://www.loc.gov/standards/marcxml/schema/MARC21slim.xsd"
    xmlns="http://www.loc.gov/MARC21/slim">

  <leader>01302nam0a22003011  4500</leader>
  <controlfield tag="001">rc\4646010</controlfield>
  <controlfield tag="005">20250611213742.0</controlfield>
  <datafield tag="021" ind1=" " ind2=" ">
    <subfield code="a">RU</subfield>
    <subfield code="b">&#x420;&#x433;5552-63</subfield>
  </datafield>
  <datafield tag="035" ind1=" " ind2=" ">
    <subfield code="a">(NLR Aleph) 008410571</subfield>
  </datafield>
  <datafield tag="090" ind1=" " ind2=" ">
    <subfield code="a">9293837</subfield>
    <subfield code="c">9293837</subfield>
  </datafield>
  <datafield tag="100" ind1=" " ind2=" ">
    <subfield code="a">20130416d1963    |||y0rusy50      ca</subfield>
  </datafield>
  <datafield tag="101" ind1="0" ind2=" ">
    <subfield code="a">rus</subfield>
  </datafield>
  <datafield tag="102" ind1=" " ind2=" ">
    <subfield code="a">RU</subfield>
  </datafield>
  <datafield tag="105" ind1=" " ind2=" ">
    <subfield code="a">y   b   |||||</subfield>
  </datafield>
  <datafield tag="200" ind1="1" ind2=" ">
    <subfield code="a">&#x41A;&#x430;&#x442;&#x430;&#x43B;&#x43E;&#x433; &#x432;&#x44B;&#x441;&#x442;&#x430;&#x432;&#x43A;&#x438;</subfield>
    <subfield code="f">[&#x412;&#x441;&#x442;&#x443;&#x43F;. &#x441;&#x442;&#x430;&#x442;&#x44C;&#x44F;, &#x441;. 5-6, &#x437;&#x430;&#x441;&#x43B;. &#x434;&#x435;&#x44F;&#x442;&#x435;&#x43B;&#x44F; &#x438;&#x441;&#x43A;&#x443;&#x441;&#x441;&#x442;&#x432; &#x423;&#x421;&#x421;&#x420;. &#x41C;. &#x41A;&#x440;&#x43E;&#x448;&#x438;&#x446;&#x43A;&#x43E;&#x433;&#x43E;]</subfield>
    <subfield code="g">&#x423;&#x43F;&#x440;. &#x43A;&#x443;&#x43B;&#x44C;&#x442;&#x443;&#x440;&#x44B; &#x41A;&#x440;&#x44B;&#x43C;&#x43E;&#x431;&#x43B;&#x438;&#x441;&#x43F;&#x43E;&#x43B;&#x43A;&#x43E;&#x43C;&#x430;. &#x41A;&#x440;&#x44B;&#x43C;&#x441;&#x43A;&#x43E;&#x435; &#x43E;&#x442;&#x434;-&#x43D;&#x438;&#x435; &#x421;&#x43E;&#x44E;&#x437;&#x430; &#x445;&#x443;&#x434;&#x43E;&#x436;&#x43D;&#x438;&#x43A;&#x43E;&#x432; &#x423;&#x43A;&#x440;&#x430;&#x438;&#x43D;&#x44B;</subfield>
  </datafield>
  <datafield tag="210" ind1=" " ind2=" ">
    <subfield code="a">&#x421;&#x438;&#x43C;&#x444;&#x435;&#x440;&#x43E;&#x43F;&#x43E;&#x43B;&#x44C;</subfield>
    <subfield code="c">&#x41A;&#x440;&#x44B;&#x43C;&#x438;&#x437;&#x434;&#x430;&#x442;</subfield>
    <subfield code="d">1963</subfield>
  </datafield>
  <datafield tag="215" ind1=" " ind2=" ">
    <subfield code="a">31 &#x441;.</subfield>
    <subfield code="d">14</subfield>
  </datafield>
  <datafield tag="225" ind1="1" ind2=" ">
    <subfield code="a">&#x421;&#x43E;&#x432;&#x435;&#x442;&#x441;&#x43A;&#x438;&#x439; &#x43A;&#x43D;&#x438;&#x436;&#x43D;&#x44B;&#x439; &#x437;&#x43D;&#x430;&#x43A; (1945-1962)</subfield>
  </datafield>
  <datafield tag="300" ind1=" " ind2=" ">
    <subfield code="a">&#x41D;&#x430; &#x43E;&#x431;&#x43E;&#x440;&#x43E;&#x442;&#x435; &#x442;&#x438;&#x442;. &#x43B;. &#x441;&#x43E;&#x441;&#x442;.: &#x418;. &#x411;&#x435;&#x43A;&#x435;&#x442;&#x43E;&#x432;</subfield>
  </datafield>
  <datafield tag="702" ind1=" " ind2="1">
    <subfield code="4">220</subfield>
    <subfield code="7">ca</subfield>
    <subfield code="8">rus</subfield>
    <subfield code="a">&#x411;&#x435;&#x43A;&#x435;&#x442;&#x43E;&#x432;</subfield>
    <subfield code="b">&#x418;. &#x418;.</subfield>
    <subfield code="f">1906-1968</subfield>
    <subfield code="g">&#x418;&#x432;&#x430;&#x43D; &#x418;&#x432;&#x430;&#x43D;&#x43E;&#x432;&#x438;&#x447;</subfield>
    <subfield code="9">216347</subfield>
    <subfield code="3">RU\NLR\AUTH\770216403</subfield>
  </datafield>
  <datafield tag="702" ind1=" " ind2="1">
    <subfield code="a">&#x41A;&#x440;&#x43E;&#x448;&#x438;&#x446;&#x43A;&#x438;&#x439;</subfield>
    <subfield code="b">&#x41C;.</subfield>
    <subfield code="4">080</subfield>
  </datafield>
  <datafield tag="710" ind1="1" ind2="2">
    <subfield code="a">"&#x421;&#x43E;&#x432;&#x435;&#x442;&#x441;&#x43A;&#x438;&#x439; &#x43A;&#x43D;&#x438;&#x436;&#x43D;&#x44B;&#x439; &#x437;&#x43D;&#x430;&#x43A; (1945-1962)" &#x432;&#x44B;&#x441;&#x442;&#x430;&#x432;&#x43A;&#x430; (1963; &#x421;&#x438;&#x43C;&#x444;&#x435;&#x440;&#x43E;&#x43F;&#x43E;&#x43B;&#x44C;)</subfield>
  </datafield>
  <datafield tag="801" ind1=" " ind2="0">
    <subfield code="a">RU</subfield>
    <subfield code="b">NLR</subfield>
    <subfield code="g">psbo</subfield>
  </datafield>
  <datafield tag="801" ind1=" " ind2="1">
    <subfield code="a">RU</subfield>
    <subfield code="b">ELAR</subfield>
    <subfield code="2">rusmarc</subfield>
  </datafield>
  <datafield tag="852" ind1=" " ind2=" ">
    <subfield code="a">NLR</subfield>
    <subfield code="b">&#x42D;</subfield>
    <subfield code="j">&#x41A;&#x421;379/1963</subfield>
  </datafield>
  <datafield tag="942" ind1=" " ind2=" ">
    <subfield code="c">BOOK</subfield>
  </datafield>
  <datafield tag="980" ind1=" " ind2=" ">
    <subfield code="a">NB</subfield>
  </datafield>
  <datafield tag="995" ind1=" " ind2=" ">
    <subfield code="5">2013-10-26</subfield>
    <subfield code="b">NLR02</subfield>
    <subfield code="c">NLR02</subfield>
    <subfield code="e">EST</subfield>
    <subfield code="f">8410571-10</subfield>
    <subfield code="k">&#x42D; &#x41A;&#x421;379/1963</subfield>
    <subfield code="o">0</subfield>
    <subfield code="r">BOOK</subfield>
    <subfield code="s">_3791963</subfield>
  </datafield>
</record>
